Toutes les combinaisons au Yams - Statistiques

Statistiques générales
  • Ce quiz a été pris 64 fois
  • Le résultat moyen est 11 sur 13
Statistiques - réponses
Combinaison % Correct
Yams
93%
1
91%
2
91%
3
91%
4
91%
5
91%
6
91%
Carré
88%
Full
84%
Grande suite
84%
Petite suite
84%
Brelan
81%
Chance
54%
Aucun quiz correspondant
Distribution des résultats
% des personnes avec chaque résultat
Percentile par nombre de réponses
Votre historique - résultats
Vous n’avez pas pris ce quiz